000 02228cam a22006134i 4500
003 PE-LiUPU
005 20250731170425.0
008 150706s2018 sp rb 000 0 spa d
020 _a841673738X
020 _a9788416737383
035 _a(Sirsi) a251409
040 _aPE-LiUPU
_bspa
_cPE-LiUPU
_erda
049 _aPRUA
082 0 4 _a150.195
_bB45
_220
100 1 _aBerenguer Enric,
_eautor.
245 1 1 _a¿Cómo se construye un caso? :
_bseminario teórico y clínico /
_cEnric Berenguer.
264 1 _aBarcelona :
_bNuevos Emprendimientos Editoriales,
_c2018.
300 _a246 páginas ;
_c21 centímetros
336 _atext
_2rdacontent
337 _aunmediated
_2rdamedia
338 _avolume
_2rdacarrier
504 _aBibliografía: páginas 243-246.
505 0 _a¿Cómo se construye un caso? -- Presentación -- Apertura del seminario -- Primera sesión del seminario -- Segunda Sesión del seminario -- Otras aportaciones -- Construcción, desconstrucción y evidencia -- Recorrido de la construcción en Freud -- Construcciones lacanianas -- El síntoma en transferencia.
526 _aSEG68
526 _aSEG70
526 _aSEG69
526 _aSEG67
526 _aSEG43
526 _aP144
526 _aP143
526 _aP131
526 _aP122
526 _aP120
526 _aP117
526 _aP112
526 _aP110
526 _aP106
526 _aP101
526 _aP80
526 _aP59
526 _aP54
526 _aP35
526 _aP33
526 _aP30
541 _g002-00000796;
650 7 _aPsicoanálisis
_2embne.
_95668
910 _agl
_bjv
_cng
_d20090918
910 _adbm
_brri
_crri
_d20190121
942 _2ddc
_cBOOK
994 _aC0
_bPEPRU
596 _a1
999 _a150.195 B45
_wDEWEY
_c30814
_i79863
_f2021-11-3
_g4
_lCCODEBUL1
_mBUL
_p160.00
_r0
_sY
_tBOOK
_u2019-1-21
_xSALUD
_zP33
_0COMPRA
_1FCOMPR2
_o.STAFF. Colección Ciencias de la Salud
_d30814
999 _a150.195 B45
_wDEWEY
_c2
_i79864
_f2021-11-3
_g4
_lCCODEBUL1
_mBUL
_p160.00
_r0
_sY
_tBOOK
_u2019-1-21
_xSALUD
_zP33
_0COMPRA
_1FCOMPR2
_o.STAFF. Colección Ciencias de la Salud
980 _81
_gALBERTO SANCHEZ Responsable de Automatización